000 01012cad a22002775a 4500
001 E151590
008 101122s2010 xxk f 100 0 eng d
020 _a9781842196199
035 _a(Sirsi) u151590
041 0 _aeng
100 1 _aKazmierczak, Aleksandra
111 2 _aConstruction and Building Research Conference
_cDauphine Universite, Paris
_d2-3 September 2010
245 0 0 _aDeep green or white hot?
_bthe future of Oxford Road Corridor in Manchester, UK
_h[electronic resource]
260 _aLondon
_bRICS
_c2010
520 _aA paper presented at the COBRA Conference in Paris on 2-3 September 2010.
590 _aKA
650 2 4 _aCONSTRUCTION AND BUILDING RESEARCH CONFERENCE (COBRA)
651 4 _aManchester
690 _aPROPERTY-INFRASTRUCTURE
700 1 _aCavan, Gina
700 1 _aCarter, Jeremy
700 1 _aHandley, John
700 1 _aGuy, Simon
856 4 0 _uhttps://www.rics.org/Global/Downloads/DeepGreenIOrWhiteHotCOBRA2010.pdf
_zBroken link - not available
942 _n0
999 _c111464
_d111464